[Event "EU-ch Amateur U1700"]
[Site "Rhodes"]
[Date "2019.04.07"]
[Round "2.8"]
[White "Taddia, Davide"]
[Black "Drakiou, Georgios"]
[Result "1-0"]
[WhiteElo "1519"]
[BlackElo "1632"]
[PlyCount "95"]
[EventDate "2019.04.06"]
[EventType "swiss"]
[EventRounds "9"]
[EventCountry "GRE"]
[SourceTitle "EXT 2024"]
[Source "ChessBase"]
[SourceDate "2023.10.10"]
[SourceVersion "1"]
[SourceVersionDate "2023.10.10"]
[SourceQuality "1"]

1. d4 d5 2. Nf3 Nf6 3. Bf4 e6 4. e3 Be7 5. h3 0-0 6. Bd3 c5 7. c3 b6 8. Qe2 Bd6 9. Ne5 Bxe5 10. Bxe5 Nbd7 11. Bh2 Bb7 12. 0-0 Rc8 13. Na3 c4 14. Bc2 Bc6 15. Nb1 Qe7 16. f4 Rfe8 17. Nd2 b5 18. a3 Rb8 19. Nf3 h6 20. g4 Ne4 21. Qg2 f5 22. h4 fxg4 23. Qxg4 Ndf6 24. Qg6 Qf7 25. Qxf7+ Kxf7 26. Ne5+ Kg8 27. Nxc6 Rb7 28. Ne5 Nd6 29. Bg6 Rf8 30. f5 exf5 31. Bxf5 g6 32. Be6+ Kh7 33. Nxg6 Kxg6 34. Bxd6 Re8 35. Bf5+ Kh5 36. Be5 Ng4 37. Bxg4+ Kxg4 38. Rf4+ Kh5 39. Kf2 Rg8 40. Rg1 Rxg1 41. Kxg1 Rb6 42. Kf2 a6 43. e4 dxe4 44. Rxe4 Kg6 45. Ke3 h5 46. d5 Kf5 47. Kd4 Rg6 48. Rf4# 1-0

[Event "EU-ch Amateur U1700"]
[Site "Rhodes"]
[Date "2019.04.06"]
[Round "1.4"]
[White "Drakiou, Georgios"]
[Black "Pantelic, Slobodan"]
[Result "1-0"]
[WhiteElo "1632"]
[BlackElo "1646"]
[PlyCount "171"]
[EventDate "2019.04.06"]
[EventType "swiss"]
[EventRounds "9"]
[EventCountry "GRE"]
[SourceTitle "EXT 2024"]
[Source "ChessBase"]
[SourceDate "2023.10.10"]
[SourceVersion "1"]
[SourceVersionDate "2023.10.10"]
[SourceQuality "1"]

1. e4 c5 2. Nf3 e6 3. d4 cxd4 4. Nxd4 a6 5. Nc3 b5 6. Be3 Bb7 7. Bd3 Be7 8. Qd2 d6 9. Nce2 Nd7 10. 0-0 Ngf6 11. f3 Rc8 12. c3 Ne5 13. b3 Nfd7 14. Rac1 Nxd3 15. Qxd3 d5 16. exd5 Bxd5 17. Qd2 0-0 18. Rfd1 Ba3 19. Rb1 Bd6 20. Bf4 Bc5 21. Be3 Qb6 22. b4 Be7 23. Nf5 Qd8 24. Nxe7+ Qxe7 25. Rbc1 Rfe8 26. Nf4 Nf6 27. Nd3 Qb7 28. Nc5 Qc6 29. Nd3 Nd7 30. Re1 Bc4 31. Bd4 Qd5 32. Nf4 Qg5 33. Be3 Qf5 34. Qxd7 Red8 35. Qb7 Rb8 36. Qe4 Qf6 37. a3 e5 38. Ne2 Bd3 39. Qg4 Bf5 40. Qg3 h6 41. Red1 Rd3 42. Qf2 Rbd8 43. Rxd3 Rxd3 44. Ng3 Bg6 45. Qe2 Qd8 46. Kf1 Rd7 47. Ne4 Qh4 48. Nc5 Rd8 49. Kg1 Qf6 50. Rd1 Ra8 51. Nd7 Qe6 52. Nc5 Qc6 53. Bf2 Re8 54. Bg3 f6 55. Qd2 Kh7 56. Qd7 Qa8 57. Qb7 Bc2 58. Rd7 Qxb7 59. Rxb7 Ra8 60. Kf2 Bf5 61. Ke3 a5 62. Rxb5 axb4 63. axb4 Ra3 64. Be1 Ra1 65. Bd2 Rg1 66. Kf2 Rd1 67. Be1 h5 68. Ra5 Rc1 69. Ra2 Bg6 70. Rb2 f5 71. b5 e4 72. b6 e3+ 73. Kxe3 Rxe1+ 74. Kf2 Re8 75. b7 Rb8 76. Nd7 Rxb7 77. Rxb7 f4 78. c4 h4 79. c5 Bf7 80. Ne5 Bd5 81. Rb6 g5 82. c6 Be6 83. c7 Bf5 84. Rb8 h3 85. gxh3 Bxh3 86. Ng4 1-0